=LDR 00000nam 2200000 4500 =001 INLIS000000000014382 =005 20130612105649 =008 ***********************************Ind** =035 ##$$0010-061300000014382 =041 ##$$a Ind =082 ##$$a 621.24 =090 ##$$a 621.24, Shl t =100 ##$$a Shlyakhin, P =245 ##$$a Turbin Uap, Teori dan Rancangan, P.Shlyakhin; alih bahasa Zulkifli Harahap; Editor Zulkifli Harap =260 ##$$a 1999 $b Jakarta =300 ##$$a ix,329 hlm, Ilus, 24 cm =650 ##$$a Turbin =700 ##$$a Harahap, Zulkifli =850 ##$$a NBPNMAT